Sports Quiz

Random Sports or NHL Quiz

NHL All-Star Teams (2010s) Quiz Stats

 Plays Quiz not verified by Sporcle

Challenge
Share
Tweet
Embed
Score 0/108 Timer 08:00
0 Plays Today
Year/Team Player % Correct
2009-10 1st TeamAlexander Ovechkin
99.7%
2010-11 2nd TeamAlexander Ovechkin
99.7%
2012-13 1st TeamAlexander Ovechkin
99.7%
2012-13 2nd TeamAlexander Ovechkin
99.7%
2013-14 2nd TeamAlexander Ovechkin
99.7%
2014-15 1st TeamAlexander Ovechkin
99.7%
2015-16 2nd TeamAlexander Ovechkin
99.7%
2016-17 2nd TeamSidney Crosby
99.3%
2009-10 1st TeamPatrick Kane
99.1%
2015-16 1st TeamPatrick Kane
99.1%
2009-10 2nd TeamSidney Crosby
98.8%
2012-13 1st TeamSidney Crosby
98.8%
2013-14 1st TeamSidney Crosby
98.8%
2014-15 2nd TeamSidney Crosby
98.8%
2015-16 1st TeamSidney Crosby
98.8%
2009-10 1st TeamHenrik Sedin
98.4%
2009-10 2nd TeamDaniel Sedin
98.4%
2010-11 1st TeamDaniel Sedin
98.4%
2010-11 1st TeamHenrik Sedin
98.4%
2010-11 2nd TeamSteven Stamkos
98.4%
2011-12 2nd TeamSteven Stamkos
98.4%
2017-18 1st TeamDrew Doughty
98%
2017-18 1st TeamPekka Rinne
98%
2017-18 2nd TeamP.K. Subban
98%
2016-17 1st TeamPatrick Kane
97.8%
2016-17 1st TeamErik Karlsson
97.8%
2011-12 1st TeamEvgeni Malkin
97.5%
2012-13 2nd TeamJonathan Toews
97.2%
2016-17 1st TeamConnor McDavid
97.1%
2009-10 1st TeamDuncan Keith
96.9%
2010-11 2nd TeamZdeno Chara
96.9%
2011-12 1st TeamHenrik Lundqvist
96.9%
2011-12 2nd TeamZdeno Chara
96.9%
2012-13 2nd TeamHenrik Lundqvist
96.9%
2013-14 1st TeamZdeno Chara
96.9%
2013-14 1st TeamDuncan Keith
96.9%
Year/Team Player % Correct
2012-13 1st TeamP.K. Subban
96.6%
2014-15 1st TeamP.K. Subban
96.6%
2015-16 2nd TeamJoe Thornton
96.6%
2016-17 2nd TeamDuncan Keith
96.3%
2010-11 1st TeamShea Weber
96.3%
2011-12 1st TeamShea Weber
96.3%
2013-14 2nd TeamShea Weber
96.3%
2014-15 1st TeamCarey Price
96.3%
2014-15 2nd TeamShea Weber
96.3%
2017-18 1st TeamConnor McDavid
96.1%
2017-18 2nd TeamClaude Giroux
96.1%
2009-10 2nd TeamMartin St. Louis
95.9%
2010-11 2nd TeamMartin St. Louis
95.9%
2012-13 2nd TeamMartin St. Louis
95.9%
2010-11 1st TeamCorey Perry
95.6%
2010-11 1st TeamTim Thomas
95.6%
2011-12 1st TeamErik Karlsson
95.6%
2012-13 2nd TeamKris Letang
95.6%
2013-14 1st TeamJamie Benn
95.6%
2013-14 1st TeamCorey Perry
95.6%
2013-14 1st TeamTuukka Rask
95.6%
2014-15 1st TeamJohn Tavares
95.6%
2014-15 1st TeamErik Karlsson
95.6%
2014-15 2nd TeamJamie Benn
95.6%
2015-16 1st TeamJamie Benn
95.6%
2015-16 1st TeamErik Karlsson
95.6%
2015-16 2nd TeamKris Letang
95.6%
2011-12 2nd TeamJonathan Quick
95%
2009-10 2nd TeamNicklas Lidstrom
94.7%
2010-11 1st TeamNicklas Lidstrom
94.7%
2016-17 1st TeamBrent Burns
94.1%
2017-18 1st TeamTaylor Hall
94.1%
2017-18 1st TeamNikita Kucherov
94.1%
2009-10 2nd TeamDrew Doughty
94.1%
2010-11 2nd TeamPekka Rinne
94.1%
2014-15 2nd TeamDrew Doughty
94.1%
Year/Team Player % Correct
2015-16 1st TeamDrew Doughty
94.1%
2013-14 2nd TeamRyan Getzlaf
93.8%
2015-16 1st TeamBraden Holtby
93.4%
2016-17 2nd TeamBraden Holtby
93.4%
2009-10 1st TeamRyan Miller
92.8%
2017-18 1st TeamVictor Hedman
92.2%
2015-16 2nd TeamBrent Burns
91.9%
2016-17 1st TeamSergei Bobrovsky
91.2%
2014-15 2nd TeamVladimir Tarasenko
90.6%
2015-16 2nd TeamVladimir Tarasenko
90.6%
2012-13 1st TeamSergei Bobrovsky
90.3%
2016-17 1st TeamBrad Marchand
89.7%
2016-17 2nd TeamNikita Kucherov
89.7%
2016-17 2nd TeamVictor Hedman
89.7%
2012-13 1st TeamRyan Suter
89.1%
2013-14 2nd TeamJoe Pavelski
88.1%
2009-10 1st TeamMike Green
87.5%
2015-16 2nd TeamBen Bishop
86.9%
2017-18 2nd TeamNathan MacKinnon
86.3%
2017-18 2nd TeamBlake Wheeler
86.3%
2014-15 1st TeamJakub Voracek
83.8%
2013-14 2nd TeamSemyon Varlamov
83.1%
2014-15 2nd TeamDevan Dubnyk
83.1%
2011-12 1st TeamIlya Kovalchuk
82.5%
2011-12 2nd TeamAlex Pietrangelo
82.2%
2013-14 2nd TeamAlex Pietrangelo
82.2%
2017-18 2nd TeamSeth Jones
80.4%
2017-18 2nd TeamConnor Hellebuyck
80.4%
2011-12 1st TeamJames Neal
80.3%
2016-17 2nd TeamArtemi Panarin
80.1%
2012-13 1st TeamChris Kunitz
79.4%
2009-10 2nd TeamIlya Bryzgalov
73.4%
2011-12 2nd TeamMarian Gaborik
70.6%
2012-13 2nd TeamFrancois Beauchemin
52.5%
2010-11 2nd TeamLubomir Visnovsky
50.3%
2011-12 2nd TeamRay Whitney
46.6%

You're not logged in!

Compare scores with friends on all Sporcle quizzes.
OR
Log In

You Might Also Like...

Show Comments

Extras

Top Quizzes Today


Score Distribution

Your Account Isn't Verified!

In order to create a playlist on Sporcle, you need to verify the email address you used during registration. Go to your Sporcle Settings to finish the process.

Report this User

Report this user for behavior that violates our Community Guidelines.

Details: